Meaning-based translation workbook : (Record no. 61677)
[ view plain ]
| 000 -LEADER | |
|---|---|
| fixed length control field | 01077pam a2200277 a 4500 |
| 001 - CONTROL NUMBER | |
| control field | 1655064 |
| 003 - CONTROL NUMBER IDENTIFIER | |
| control field | OSt |
| 005 - DATE AND TIME OF LATEST TRANSACTION | |
| control field | 20150507121536.0 |
| 008 - FIXED-LENGTH DATA ELEMENTS--GENERAL INFORMATION | |
| fixed length control field | 970922s1998 mdua b 000 0 eng |
| 010 ## - LIBRARY OF CONGRESS CONTROL NUMBER | |
| LC control number | 97041214 |
| 020 ## - INTERNATIONAL STANDARD BOOK NUMBER | |
| International Standard Book Number | 0761809481 (pbk. : alk. paper) |
| 040 ## - CATALOGING SOURCE | |
| Original cataloging agency | DLC |
| Transcribing agency | DLC |
| Modifying agency | DLC |
| 050 00 - LIBRARY OF CONGRESS CALL NUMBER | |
| Classification number | BS 449 |
| Item number | .L371998 |
| 082 00 - DEWEY DECIMAL CLASSIFICATION NUMBER | |
| Classification number | 418/.02 |
| Edition number | 21 |
| 100 1# - MAIN ENTRY--PERSONAL NAME | |
| Personal name | Larson, Mildred L. |
| 9 (RLIN) | 10248 |
| 245 10 - TITLE STATEMENT | |
| Title | Meaning-based translation workbook : |
| Remainder of title | Biblical exercises / |
| Statement of responsibility, etc | Mildred L. Larson, with Ellis W. Deibler, Marjorie Crofts. |
| 260 ## - PUBLICATION, DISTRIBUTION, ETC. (IMPRINT) | |
| Place of publication, distribution, etc | Lanham : |
| Name of publisher, distributor, etc | Summer Institute of Linguistics : |
| -- | University Press of America, |
| Date of publication, distribution, etc | c1998. |
| 300 ## - PHYSICAL DESCRIPTION | |
| Extent | xvi, 307 p. : |
| Other physical details | ill. ; |
| Dimensions | 28 cm. |
| 504 ## - BIBLIOGRAPHY, ETC. NOTE | |
| Bibliography, etc | Includes bibliographical references (p. xv-xvi). |
| 630 00 - SUBJECT ADDED ENTRY--UNIFORM TITLE | |
| Uniform title | Bible |
| General subdivision | Translating |
| -- | Problems, exercises, etc. |
| 9 (RLIN) | 37136 |
| 700 1# - ADDED ENTRY--PERSONAL NAME | |
| Personal name | Deibler, Ellis. |
| 9 (RLIN) | 37137 |
| 700 1# - ADDED ENTRY--PERSONAL NAME | |
| Personal name | Crofts, Marjorie. |
| 9 (RLIN) | 37138 |
| 906 ## - LOCAL DATA ELEMENT F, LDF (RLIN) | |
| a | 7 |
| b | cbc |
| c | orignew |
| d | 1 |
| e | ocip |
| f | 19 |
| g | y-gencatlg |
| 942 ## - ADDED ENTRY ELEMENTS (KOHA) | |
| Source of classification or shelving scheme | Library of Congress Classification |
| Koha item type | Books |
| Withdrawn status | Lost status | Source of classification or shelving scheme | Damaged status | Not for loan | Collection code | Home library | Current library | Shelving location | Date acquired | Source of acquisition | Cost, normal purchase price | Total Checkouts | Total Renewals | Full call number | Barcode | Date last seen | Date checked out | Copy number | Price effective from | Koha item type |
|---|---|---|---|---|---|---|---|---|---|---|---|---|---|---|---|---|---|---|---|---|
| Library of Congress Classification | General Circulation | AIU/NEGST - Tony Wilmot Memorial Library | AIU/NEGST - Tony Wilmot Memorial Library | General Stacks | 05/07/2015 | Donation | 23.00 | 2 | 1 | BS 449.L37 1998 | R32997X3232 | 09/26/2019 | 03/30/2019 | 1 | 05/07/2015 | Books |
